¡O pan, o plomo! : (Record no. 18234)
[ view plain ]
| 000 -LEADER | |
|---|---|
| campo de control de longitud fija | 01028nam a2200289 i 4500 |
| 001 - NÚMERO DE CONTROL | |
| campo de control | 18234 |
| 003 - IDENTIFICADOR DE NÚMERO DE CONTROL | |
| campo de control | ES-MaACL |
| 005 - FECHA Y HORA DE LA ÚLTIMA TRANSACCIÓN | |
| campo de control | 20231221154107.0 |
| 007 - CAMPO FIJO DE DESCRIPCIÓN FÍSICA--INFORMACIÓN GENERAL | |
| campo de control de longitud fija | t| |
| 008 - DATOS DE LONGITUD FIJA--INFORMACIÓN GENERAL | |
| campo de control de longitud fija | 011016s2000 sp ||||1| spa d |
| 020 ## - NÚMERO INTERNACIONAL ESTÁNDAR DEL LIBRO | |
| Número Internacional Estándar del Libro | 84-323-1045-X |
| 080 ## - NÚMERO DE LA CLASIFICACIÓN DECIMAL UNIVERSAL | |
| Número de la Clasificación Decimal Universal | 323.4(729.1)"18" |
| 100 1# - ENTRADA PRINCIPAL--NOMBRE DE PERSONA | |
| Nombre de persona | Casanovas Codina, Joan. |
| 9 (RLIN) | 36128 |
| 245 11 - MENCIÓN DEL TÍTULO | |
| Título | ¡O pan, o plomo! : |
| Resto del título | los trabajadores urbanos y el colonialismo español en Cuba, 1850-1898 / |
| Mención de responsabilidad, etc. | por Joan Casanovas Codina ; prólogo de Nicolás Sánchez-Albornoz. |
| 250 ## - MENCION DE EDICION | |
| Mención de edición | 1ª ed. en español (corr. y act. respecto de la inglesa). |
| 260 ## - PUBLICACIÓN, DISTRIBUCIÓN, ETC. | |
| Lugar de publicación, distribución, etc. | Madrid : |
| Nombre del editor, distribuidor, etc. | Siglo XXI de España, |
| Fecha de publicación, distribución, etc. | 2000. |
| 300 ## - DESCRIPCIÓN FÍSICA | |
| Extensión | XIX, 326 p. : |
| Otras características físicas | il. ; |
| Dimensiones | 24 cm. |
| 490 1# - MENCIÓN DE SERIE | |
| Mención de serie | Historia |
| 504 ## - NOTA DE BIBLIOGRAFÍA, ETC. | |
| Nota de bibliografía, etc. | Bibliografía: p. [279]-309. |
| 650 04 - PUNTO DE ACCESO ADICIONAL DE MATERIA--TÉRMINO DE MATERIA | |
| Término de materia o nombre geográfico como elemento de entrada | Clases sociales- |
| Subdivisión geográfica | Cuba. |
| 9 (RLIN) | 11112 |
| 650 #4 - PUNTO DE ACCESO ADICIONAL DE MATERIA--TÉRMINO DE MATERIA | |
| Término de materia o nombre geográfico como elemento de entrada | Esclavitud- |
| Subdivisión geográfica | Cuba. |
| 9 (RLIN) | 138905 |
| 650 #4 - PUNTO DE ACCESO ADICIONAL DE MATERIA--TÉRMINO DE MATERIA | |
| Término de materia o nombre geográfico como elemento de entrada | Movimiento obrero- |
| Subdivisión geográfica | Cuba. |
| 9 (RLIN) | 15211 |
| 700 1# - ENTRADA AGREGADA--NOMBRE PERSONAL | |
| Nombre de persona | Sánchez-Albornoz, Nicolás, |
| Fechas asociadas al nombre | 1926- |
| 9 (RLIN) | 102442 |
| 830 1# - PUNTO DE ACCESO ADICIONAL DE SERIE-TÍTULO UNIFORME | |
| Título uniforme | Historia |
| 9 (RLIN) | 177536 |
| 852 ## - LOCALIZACIÓN | |
| Ubicación | ES-MaACL |
| Número de control de estantería | L-24949 |
| Estatus retirado | Estado de pérdida | Estado de daño | No para préstamo | Biblioteca de origen | Biblioteca actual | Ubicación en estantería | Fecha de adquisición | Fuente de adquisición | Total de préstamos | Signatura topográfica completa | Código de barras | Visto por última vez | Precio de reemplazo | Tipo de ítem Koha |
|---|---|---|---|---|---|---|---|---|---|---|---|---|---|---|
| Biblioteca del Ateneo de Madrid | Biblioteca del Ateneo de Madrid | Depósito 2 | 17/01/2008 | L-24949 | 1018643 | 23/02/2023 | 23/02/2023 | Libro impreso |
